LA UNIDAD VISIBLE DE LOS CRISTIANOS Y LA TRADICION/

TRADUCCION DE: L'UNITE VISIBLE DES CHRETIENS ET LA TRADITION

Shranjeno v:
Bibliografske podrobnosti
Glavni avtor: Thurian, Max (autor)
Format: Knjiga
Teme:
Oznake: Označite
Brez oznak, prvi označite!

MARC

LEADER 00000nam^a2200000^a^4500
001 000226999
005 20250521000000.0
009 20260310104228.546
035 |a 031955 
037 |a Acervo Xavier Clavigero 
082 |a 282. THU 
100 |a Thurian, Max  |e (autor) 
245 1 3 |a LA UNIDAD VISIBLE DE LOS CRISTIANOS Y LA TRADICION/  |c MAX THURIAN; TR. ELEUTERIO BARBUDO 
264 |a BARCELONA :  |b Península,  |c 1965 
300 |a 148p. 
336 |a texto  |b txt  |2 rdacontenido 
337 |a sin mediación  |b n  |2 rdamedio 
338 |a volumen  |b nc  |2 rdasoporte 
520 |a TRADUCCION DE: L'UNITE VISIBLE DES CHRETIENS ET LA TRADITION 
649 |a XX 
650 |a Iglesia Católica 
650 |a Cristianismo 
910 |a Fondo General 
920 |a Impresos - Libros 
930 |a Colección General 
905 |a 101 
901 |a 031955  |b IT1  |c ACC  |i 031955  |u 20250521 
902 |a https://opac.biblio.iteso.mx/vufind/Record/000226999